| 000 -LEADER |
| fixed length control field |
00744nam a22001577a 4500 |
| 003 - CONTROL NUMBER IDENTIFIER |
| control field |
LRUA |
| 005 - DATE AND TIME OF LATEST TRANSACTION |
| control field |
20220614152226.0 |
| 008 - FIXED-LENGTH DATA ELEMENTS--GENERAL INFORMATION |
| fixed length control field |
220614b xxu||||| |||| 00| 0 eng d |
| 040 ## - CATALOGING SOURCE |
| Transcribing agency |
rua |
| 082 ## - DEWEY DECIMAL CLASSIFICATION NUMBER |
| Edition number |
MGR LEN 2014 B429 Or, |
| 100 ## - MAIN ENTRY--PERSONAL NAME |
| 9 (RLIN) |
15010 |
| Personal name |
LENG SOTHEA,ឡឹង សុធា |
| 245 ## - TITLE STATEMENT |
| Title |
ដំណើរករអនុវត្តន៏គោលនយោបាយវមជ្ឃការនិងវសហមជ្ឃការ នៅស្រុកត្រាំកក់ ខេត្តតាកែវ.the proecss and progress of the implementatiom of decentralization and deconcentralization in tramkak district,takeo province. |
| 260 ## - PUBLICATION, DISTRIBUTION, ETC. (IMPRINT) |
| Place of publication, distribution, etc. |
phnom penh |
| Name of publisher, distributor, etc. |
rua |
| Date of publication, distribution, etc. |
2014 |
| 300 ## - PHYSICAL DESCRIPTION |
| Extent |
xii.76p |
| Other physical details |
ill, |
| Dimensions |
29cm, |
| 942 ## - ADDED ENTRY ELEMENTS (KOHA) |
| Source of classification or shelving scheme |
|
| Koha item type |
MGR |